书目信息 |
| 题名: |
大学英语语法
|
|
| 作者: | 袁懋梓 编著 | |
| 分册: | ||
| 出版信息: | 北京 北京航空学院出版社 1999.06 |
|
| 页数: | 544页 | |
| 开本: | 20cm | |
| 丛书名: | ||
| 单 册: | ||
| 中图分类: | H314 | |
| 科图分类: | ||
| 主题词: | 英语 | |
| 电子资源: | ||
| ISBN: | 7-81012-893-0 | |
| 000 | 00553nam0 2200205 45 | |
| 001 | 0457194011 | |
| 005 | 2004051115531401 | |
| 010 | @a7-81012-893-0@dCNY 25.00 | |
| 100 | @a20040511d1999 km y0chiy0120 ea | |
| 101 | 0 | @achi |
| 102 | @aCN@b110000 | |
| 200 | 1 | @a大学英语语法@Ada xue ying yu yu fa@f袁懋梓编著@FYuan Mao Zi Bian Zhu |
| 205 | @a修订版 | |
| 210 | @a北京@c北京航空学院出版社@d1999.06 | |
| 215 | @a544页@d20cm | |
| 606 | 0 | @a英语 |
| 690 | @aH314@v4 | |
| 701 | 0 | @a袁懋梓@AYuan Mao Zi@4编著 |
| 801 | 0 | @aCN@bPFT@c20040511 |
| 905 | @dH314@eY909 | |
| 大学英语语法/袁懋梓编著.-修订版.-北京:北京航空学院出版社,1999.06 |
| 544页;20cm |
| ISBN 7-81012-893-0:CNY 25.00 |
| ● |
| 相关链接 |
|
|
|
正题名:大学英语语法
索取号:H314/Y909
 
预约/预借
| 序号 | 登录号 | 条形码 | 馆藏地/架位号 | 状态 | 备注 |
| 1 | 395586 | 203955862 | 语言库209/209语言库 35排4列1层/ [索取号:H314/Y909] | 在馆 | |
| 2 | 395587 | 203955871 | 语言库209/209语言库 35排4列1层/ [索取号:H314/Y909] | 在馆 | |
| 3 | 395588 | 203955880 | 语言库209/209语言库 35排4列1层/ [索取号:H314/Y909] | 在馆 |